Sổ tay thẩm định dự án đầu tư

Guardat en:
Dades bibliogràfiques
Autor principal: Vũ, Công Tuấn
Format: Llibre
Idioma:Undetermined
Publicat: Thành phố Hồ Chí Minh Nxb. Thành phố Hồ Chí Minh 1996
Matèries:
Etiquetes: Afegir etiqueta
Sense etiquetes, Sigues el primer a etiquetar aquest registre!
Thư viện lưu trữ: Trung tâm Học liệu Trường Đại học Cần Thơ
LEADER 00577nam a2200193Ia 4500
001 CTU_23858
008 210402s9999 xx 000 0 und d
020 |c 30000 
082 |a 332.6 
082 |b T502 
100 |a Vũ, Công Tuấn 
245 0 |a Sổ tay thẩm định dự án đầu tư 
245 0 |c Vũ Công Tuấn 
260 |a Thành phố Hồ Chí Minh 
260 |b Nxb. Thành phố Hồ Chí Minh 
260 |c 1996 
650 |a Investments 
904 |i Phượng 
980 |a Trung tâm Học liệu Trường Đại học Cần Thơ